书目信息 |
| 题名: |
西洋哲学史
|
|
| 作者: | 丘镇英 著 | |
| 分册: | ||
| 出版信息: | 北京 北京师范大学出版社 1986 |
|
| 页数: | 218页 | |
| 开本: | 20cm | |
| 丛书名: | ||
| 单 册: | ||
| 中图分类: | B1 | |
| 科图分类: | ||
| 主题词: | 哲学--世界 | |
| 电子资源: | ||
| ISBN: | ||
| 000 | 00659nam0 2200253 45 | |
| 001 | 0186020308 | |
| 005 | 20050523161637.3 | |
| 010 | @dCNY1.50 | |
| 091 | @a2243.10 | |
| 100 | @a19900724d1986 emky0chiy0121 ea | |
| 101 | 0 | @achi |
| 102 | @aCN@b110000 | |
| 105 | @ay z 001yd | |
| 200 | 10 | @a西洋哲学史@Axi yang zhe xue shi@f丘镇英著@FQiu Zhen Ying Zhu |
| 205 | @a影印本 | |
| 210 | @a北京@c北京师范大学出版社@d1986 | |
| 215 | @a218页@d20cm | |
| 300 | @a附: 人名索引及事项名辞索引 | |
| 606 | 0 | @a哲学@x世界 |
| 690 | @aB1@v3 | |
| 701 | 0 | @a丘镇英@4著 |
| 801 | 0 | @aCN@b深圳图书馆@c20040508 |
| 801 | 2 | @aCN@bNLC@c20040508 |
| 905 | @dB1@e18@f1@b161358 | |
| 西洋哲学史/丘镇英著.-影印本.-北京:北京师范大学出版社,1986 |
| 218页;20cm |
| 附: 人名索引及事项名辞索引 |
| ISBN :CNY1.50 |
| ● |
| 相关链接 |
|
|
|
|
正题名:西洋哲学史
索取号:B1/18
 
预约/预借
| 序号 | 登录号 | 条形码 | 馆藏地/架位号 | 状态 | 备注 |
| 1 | 0161356 | 001124866 | 密集书库/ [索取号:B1/18] | 在馆 | |
| 2 | 0161357 | 001124857 | 密集书库/ [索取号:B1/18] | 在馆 | |
| 3 | 0161358 | 002048778 | 第一样本阅览室/ [索取号:B1/18] | 在馆 | |
| 4 | 0255892 | 001854746 | 密集书库/ [索取号:B1/18] | 在馆 | |
| 5 | 0255893 | 001124848 | 密集书库/ [索取号:B1/18] | 在馆 | |
| 6 | 0255894 | 001124839 | 密集书库/ [索取号:B1/18] | 在馆 |